|
|
|
|
| LEADER |
00000nam0a2200000 4500 |
| 001 |
354920 |
| 005 |
20231102010736.0 |
| 035 |
|
|
|a (RuTPU)RU\TPU\retro\12179
|
| 090 |
|
|
|a 354920
|
| 100 |
|
|
|a 20200629d1979 m y0rusy50 ca
|
| 101 |
0 |
|
|a rus
|
| 102 |
|
|
|a UA
|
| 105 |
|
|
|a a j 001zy
|
| 200 |
1 |
|
|a Вариационные задачи динамики полета
|e учебное пособие по курсовому проектированию
|f Е. П. Вачасов, Л. Г. Санжаревский
|g Харьковский авиационный институт
|
| 210 |
|
|
|a Харьков
|c Изд-во ХАИ
|d 1979
|
| 215 |
|
|
|a 123 с.
|c ил.
|
| 320 |
|
|
|a Библиогр.: с. 119
|
| 606 |
1 |
|
|a Летательные аппараты
|x Динамический расчет
|x Аэродинамика
|2 stltpush
|3 (RuTPU)RU\TPU\subj\40103
|9 59975
|
| 610 |
1 |
|
|a полеты
|
| 610 |
1 |
|
|a динамика
|
| 610 |
1 |
|
|a вариационные задачи
|
| 610 |
1 |
|
|a учебные пособия
|
| 610 |
1 |
|
|a курсовое проектирование
|
| 610 |
1 |
|
|a дипломное проектирование
|
| 610 |
1 |
|
|a движение
|
| 610 |
1 |
|
|a оптимальные траектории
|
| 675 |
|
|
|a 629.73.015(075.8)
|v 4
|
| 700 |
|
1 |
|a Вачасов
|b Е. П.
|g Евгений Павлович
|
| 701 |
|
1 |
|a Санжаревский
|b Л. Г.
|g Леонид Григориевич
|
| 712 |
0 |
2 |
|a Харьковский авиационный институт
|2 stltpush
|3 (RuTPU)RU\TPU\col\7321
|9 24307
|
| 801 |
|
1 |
|a RU
|b 63413507
|c 20200629
|
| 801 |
|
2 |
|a RU
|b 63413507
|c 20210118
|g RCR
|
| 942 |
|
|
|c BK
|